Modernity and postmodern culture (Record no. 1678)

MARC details
000 -LEADER
fixed length control field 00486 a2200169 4500
001 - CONTROL NUMBER
control field 067820
003 - CONTROL NUMBER IDENTIFIER
control field OSt
005 - DATE AND TIME OF LATEST TRANSACTION
control field 20220106114552.0
008 - FIXED-LENGTH DATA ELEMENTS--GENERAL INFORMATION
fixed length control field
082 ## - DEWEY DECIMAL CLASSIFICATION NUMBER
Classification number 306
Item number M17M
100 1# - MAIN ENTRY--PERSONAL NAME
Personal name Mcguigan, Jim
245 1# - TITLE STATEMENT
Title Modernity and postmodern culture
Statement of responsibility, etc by Jim Mcguigan
260 ## - PUBLICATION, DISTRIBUTION, ETC. (IMPRINT)
Place of publication, distribution, etc Burkinghum
Name of publisher, distributor, etc Open University Press
Date of publication, distribution, etc 2002
300 ## - PHYSICAL DESCRIPTION
Extent 177p.
653 ## - INDEX TERM--UNCONTROLLED
Uncontrolled term Civilization, Modern; Culture; Postmodernism--Social aspects; Postmodernism
942 ## - ADDED ENTRY ELEMENTS (KOHA)
Source of classification or shelving scheme Dewey Decimal Classification
Koha item type Books
Holdings
Withdrawn status Lost status Source of classification or shelving scheme Damaged status Not for loan Collection code Home library Current library Date acquired Source of acquisition Cost, normal purchase price Full call number Barcode Date last seen Price effective from Koha item type
    Dewey Decimal Classification     General Text Book Central University Of Rajasthan Central University Of Rajasthan 07/03/2012 ENG 1224.00 306 M17M 2107 21/11/2024 02/09/2020 Books